000
00242nam a22001097a 4500
008
130322b xxu||||| |||| 00| 0 eng d
082
_2
22nd
100
_a
Taylor, Clive
245
_a
Advancing English Skills
300
_a
320p.
942
_2
ddc
_c
BK
999
_c
154
_d
154